000 00701nam a2200241Ia 4500
003 OSt
005 20220928124643.0
006 a|||||r|||| 00| 0
007 ta
008 220927b |||||||| |||| 00| 0 eng d
020 _c225.00
024 _a62775
037 _cTextual
040 _aSDCL
_cSDCL
_beng
041 _2eng
_aeng
082 _a0152,2M89:g, N2
100 _aBharti Shashi
_9466637
245 0 _aJai Shankar Parsad Jagdish Chander Mathur aur Mohan Rakesh Ka natko ka rangmanch ki dristi sa adhyan
260 _aDelhi
_bParkasan Vibhag
_c1992
300 _axvi,436p
_ccm.
942 _h0152,2M89:g, N2
_cTEXL
_2CC
999 _c779471
_d779471